[Event "Reykjavik Open 2016"]
[Site "Reykjavik ISL"]
[Date "2016.03.12"]
[Round "6.14"]
[White "Christiansen, Johan-Sebastian"]
[Black "Shabalov, Alexander"]
[Result "0-1"]
[WhiteTitle "IM"]
[BlackTitle "GM"]
[WhiteElo "2401"]
[BlackElo "2520"]
[WhiteFideId "1512668"]
[BlackFideId "2008572"]
[EventDate "2016.03.08"]

1. Nf3 d5 2. c4 d4 3. b4 Bg4 4. Qb3 Nf6 5. d3 a5 6. Nbd2 axb4 7. Qxb4 Nc6 8. Qb5
Bd7 9. g3 e5 10. Bg2 Bd6 11. Qb3 O-O 12. O-O h6 13. a4 Ra7 14. Ba3 Na5 15. Qb2
c5 16. Nxe5 Bxe5 17. Bxc5 Ra8 18. Bxf8 Qxf8 19. Nf3 Qc5 20. e3 Nc6 21. Nxe5 Qxe5
22. Qxb7 Rb8 23. Qa6 dxe3 24. Bxc6 exf2+ 25. Kg2 Qe6 26. Bb5 Qh3+ 27. Kxf2 Qxh2+
28. Ke3 Re8+ 29. Kd4 Qb2+ 30. Kc5 Re5+ 31. Kb6 Re6+ 32. Kb7 Qg2+ 33. Ka7 Rxa6+
34. Kxa6 Bc8+ 35. Kb6 Nd7+ 36. Kc7 Qb7+ 37. Kd6 Qb6+ 38. Ke7 Qc7 39. Ke8 Ne5 0-1

[Event "Reykjavik Open 2016"]
[Site "Reykjavik ISL"]
[Date "2016.03.12"]
[Round "6.15"]
[White "Abrahamyan, Tatev"]
[Black "Grandelius, Nils"]
[Result "0-1"]
[WhiteTitle "WGM"]
[BlackTitle "GM"]
[WhiteElo "2324"]
[BlackElo "2646"]
[WhiteFideId "13301918"]
[BlackFideId "1710400"]
[EventDate "2016.03.08"]

1. e4 c5 2. Nf3 e6 3. d4 cxd4 4. Nxd4 a6 5. Nc3 d6 6. Be3 b5 7. Qd2 Bb7 8. f3
Ne7 9. O-O-O Nec6 10. Kb1 Nxd4 11. Bxd4 Nc6 12. Be3 Be7 13. f4 O-O 14. Bd3 Nb4
15. Qf2 Rc8 16. Bb6 Qd7 17. g4 Nxd3 18. cxd3 b4 19. Ne2 d5 20. e5 d4 21. Rhe1 b3
22. Nxd4 bxa2+ 23. Ka1 Bd8 24. Bxd8 Rfxd8 25. Nc2 Bd5 26. Rc1 h6 27. Nb4 Bb3 28.
Nxa6 Qxd3 29. Nc5 Qd5 30. Qe3 Bc4 31. Ne4 Bd3 32. Nd6 Rxc1+ 33. Rxc1 Rb8 34. g5
hxg5 35. fxg5 Bg6 36. h4 Rb3 37. Qe2 Rh3 38. Nc8 Qd7 39. Qf2 Kh7 40. Nd6 Qa4 41.
Nc4 Qb3 42. Na3 Qd5 43. Nc4 Qd3 44. Na3 Qe4 45. Kxa2 Qxe5 46. Rc5 Qe4 47. Qd2
Qxh4 48. Rc8 Rd3 49. Qc1 Be4 50. Rc7 Bd5+ 51. Ka1 Qd4 52. Qc2 Be4 0-1

[Event "Reykjavik Open 2016"]
[Site "Reykjavik ISL"]
[Date "2016.03.12"]
[Round "6.16"]
[White "Dvirnyy, Danyyil"]
[Black "Korley, Kassa"]
[Result "1-0"]
[WhiteTitle "GM"]
[BlackTitle "IM"]
[WhiteElo "2572"]
[BlackElo "2412"]
[WhiteFideId "817570"]
[BlackFideId "2033801"]
[EventDate "2016.03.08"]

1. d4 d6 2. c4 e5 3. Nf3 e4 4. Ng5 f5 5. Nc3 h6 6. Nh3 g5 7. f3 exf3 8. exf3 Bg7
9. Nf2 Nc6 10. d5 Qe7+ 11. Be2 Ne5 12. O-O Nf6 13. f4 gxf4 14. Bxf4 O-O 15. Qd2
Kh7 16. Rae1 Qf7 17. Nb5 Ng6 18. Be3 a6 19. Nc3 Bd7 20. Nfd1 Rae8 21. b3 Re7 22.
Kh1 Rfe8 23. Bg1 Qg8 24. Bd3 Rxe1 25. Rxe1 Rxe1 26. Qxe1 Ng4 27. Qf1 Qf7 28. Ne2
Kh8 29. Ng3 Nh4 30. Ne3 Nxe3 31. Bxe3 Qf6 32. Nh5 Qb2 33. g3 Ng6 34. Bxf5 Bxf5
35. Qxf5 Qa1+ 36. Kg2 Qxa2+ 37. Kh3 1-0

[Event "Reykjavik Open 2016"]
[Site "Reykjavik ISL"]
[Date "2016.03.12"]
[Round "6.17"]
[White "Gretarsson, Hjorvar Steinn"]
[Black "Thorfinnsson, Bjorn"]
[Result "1-0"]
[WhiteTitle "GM"]
[BlackTitle "IM"]
[WhiteElo "2572"]
[BlackElo "2410"]
[WhiteFideId "2302241"]
[BlackFideId "2300982"]
[EventDate "2016.03.08"]

1. d4 Nf6 2. c4 c5 3. d5 e6 4. Nc3 exd5 5. cxd5 d6 6. Nf3 g6 7. Bf4 a6 8. e4 b5
9. Be2 Bg7 10. e5 dxe5 11. Nxe5 b4 12. Na4 Nxd5 13. Bg3 O-O 14. O-O Re8 15. Nc4
Nc6 16. Nd6 Nd4 17. Bc4 Re6 18. Bxd5 Ne2+ 19. Qxe2 Rxe2 20. Bxa8 Bd7 21. Bf3 Rc2
22. Nxc5 Rxc5 23. Nb7 Qc8 24. Nxc5 Qxc5 25. Rad1 Qa7 26. Rfe1 Bf6 27. Bb8 Qxb8
28. Rxd7 Qb5 29. Rb7 Qc5 30. g3 h5 31. h4 Bxb2 32. Re8+ Kg7 33. Ree7 Qc4 34.
Red7 Bd4 35. Bd5 Qc1+ 36. Kg2 Kf6 37. Rxf7+ Ke5 38. Rfe7+ 1-0

[Event "Reykjavik Open 2016"]
[Site "Reykjavik ISL"]
[Date "2016.03.12"]
[Round "6.18"]
[White "Di Berardino, Diego Rafael"]
[Black "Liang, Awonder"]
[Result "1/2-1/2"]
[WhiteTitle "IM"]
[BlackTitle "IM"]
[WhiteElo "2511"]
[BlackElo "2405"]
[WhiteFideId "2105446"]
[BlackFideId "2056437"]
[EventDate "2016.03.08"]

1. e4 e5 2. Nf3 Nf6 3. Nxe5 d6 4. Nf3 Nxe4 5. Nc3 Nxc3 6. dxc3 Be7 7. Be3 Nc6 8.
Qd2 Be6 9. O-O-O Qd7 10. b3 Bf6 11. h3 h6 12. g4 O-O-O 13. Bg2 Kb8 14. Kb2 g5
15. Rhe1 Bg7 16. Nd4 Nxd4 17. Bxd4 Bxd4 18. cxd4 d5 19. f4 gxf4 20. Qxf4 f5 21.
gxf5 Bxf5 22. Re5 Bxh3 23. Bxd5 Qg4 24. Qd2 Qg6 25. Bh1 Bc8 26. Qe3 Rhf8 27. Be4
Qd6 28. Rd3 a6 29. Bg2 Qg6 30. Be4 Qf6 31. Bg2 Qf4 32. Qxf4 Rxf4 33. Rh5 Rfxd4
34. Rxd4 Rxd4 35. Rxh6 Rd8 36. Rf6 1/2-1/2

[Event "Reykjavik Open 2016"]
[Site "Reykjavik ISL"]
[Date "2016.03.12"]
[Round "6.19"]
[White "Danielsen, Henrik"]
[Black "Vojinovic, Jovana"]
[Result "1-0"]
[WhiteTitle "GM"]
[BlackTitle "WGM"]
[WhiteElo "2488"]
[BlackElo "2366"]
[WhiteFideId "1400185"]
[BlackFideId "937266"]
[EventDate "2016.03.08"]

1. g3 d5 2. Nf3 Nc6 3. Bg2 e5 4. d3 Nf6 5. O-O Be7 6. c4 dxc4 7. Qa4 O-O 8. Qxc4
Be6 9. Qa4 h6 10. Nc3 Nd7 11. Be3 f5 12. Rfc1 g5 13. Qd1 Nf6 14. Na4 Qe8 15.
Rxc6 bxc6 16. Nxe5 Bd5 17. Rc1 Bd6 18. Nf3 Qh5 19. Nc3 Be6 20. Qa4 Ng4 21. Qxc6
Nxe3 22. fxe3 Rab8 23. Nd4 Rb6 24. Qa4 Bf7 25. Nxf5 Rxb2 26. Qd4 Qg6 27. Be4 Rb4
28. Qxa7 Qf6 29. Nxd6 cxd6 30. Nd5 Qb2 31. Rf1 Qxe2 32. Nxb4 1-0

[Event "Reykjavik Open 2016"]
[Site "Reykjavik ISL"]
[Date "2016.03.12"]
[Round "6.20"]
[White "Kavutskiy, Konstantin"]
[Black "Kristjansson, Stefan"]
[Result "0-1"]
[WhiteTitle "FM"]
[BlackTitle "GM"]
[WhiteElo "2369"]
[BlackElo "2478"]
[WhiteFideId "2026384"]
[BlackFideId "2301172"]
[EventDate "2016.03.08"]

1. d4 e6 2. c4 b6 3. e4 Bb7 4. Bd3 Bb4+ 5. Kf1 f5 6. exf5 Nf6 7. Nf3 O-O 8. c5
bxc5 9. a3 c4 10. Bxc4 Ba5 11. fxe6 dxe6 12. Nc3 Bxf3 13. gxf3 Kh8 14. Rg1 Nc6
15. Be3 Bb6 16. Ne2 e5 17. d5 Ne7 18. Bxb6 axb6 19. Nc3 Qd7 20. Kg2 Nh5 21. Qd2
Rf4 22. Ne4 Rh4 23. Kh1 Qh3 24. Rg2 Nf4 25. Rag1 Qxf3 26. Ng5 Rxh2+ 27. Kxh2
Qh5+ 28. Kg3 Nf5# 0-1

[Event "Reykjavik Open 2016"]
[Site "Reykjavik ISL"]
[Date "2016.03.12"]
[Round "6.21"]
[White "Lampert, Jonas"]
[Black "Gislason, Gudmundur"]
[Result "1-0"]
[WhiteTitle "IM"]
[BlackTitle "FM"]
[WhiteElo "2472"]
[BlackElo "2338"]
[WhiteFideId "1303759"]
[BlackFideId "2300559"]
[EventDate "2016.03.08"]

1. e4 c5 2. Nf3 e6 3. d4 cxd4 4. Nxd4 Nc6 5. Nc3 Qc7 6. Be2 a6 7. Be3 Nf6 8. O-O
Bb4 9. Nxc6 bxc6 10. f4 d5 11. e5 Nd7 12. Na4 Be7 13. c4 O-O 14. Rc1 Qd8 15. Bd3
g6 16. Qc2 Rb8 17. b3 Ba3 18. Rcd1 Qe7 19. c5 Rb4 20. Rf3 Rxa4 21. bxa4 Nxc5 22.
Bf2 a5 23. Bxg6 fxg6 24. Rxa3 Ne4 25. Rf3 c5 26. Rc1 c4 27. Bd4 Bd7 28. Qb2 Qb4
29. Qxb4 axb4 30. a5 Ra8 31. Bb6 c3 32. a3 b3 33. Rcxc3 Nxc3 34. Rxc3 Ba4 35.
Rc1 Bb5 36. Rb1 Bc4 37. Kf2 Kf7 38. Ke3 Ke8 39. Kd4 Kd7 40. Kc3 Kc6 41. a4 Kb7
42. Rb2 Ka6 43. Kb4 Rc8 44. g4 Rf8 45. Rf2 Rc8 46. h4 Rf8 47. h5 b2 48. Rxb2
Rxf4 49. Kc5 Bd3 50. Kd6 Rxa4 51. Kxe6 Rxg4 52. h6 Bc4 53. Kd7 d4 54. e6 Re4 55.
e7 Be6+ 56. Kd8 Bf7 57. Rd2 g5 58. Rxd4 Re6 59. Bc7 Rxh6 60. e8=Q Bxe8 61. Kxe8
Rg6 62. Kf7 g4 63. Rd3 g3 64. Bxg3 Kxa5 65. Be5 Ka6 66. Rh3 Rg5 67. Ke6 h5 68.
Kd5 Rg2 69. Bd6 Ra2 70. Kc6 Rc2+ 71. Bc5 Ra2 72. Rh4 Ra5 73. Rf4 Rb5 74. Rf7 1-0

[Event "Reykjavik Open 2016"]
[Site "Reykjavik ISL"]
[Date "2016.03.12"]
[Round "6.22"]
[White "Kjartansson, Gudmundur"]
[Black "Haessel, Dale R."]
[Result "1/2-1/2"]
[WhiteTitle "IM"]
[BlackTitle "FM"]
[WhiteElo "2446"]
[BlackElo "2212"]
[WhiteFideId "2301318"]
[BlackFideId "2012618"]
[EventDate "2016.03.08"]

1. e4 e5 2. Nf3 Nc6 3. Bc4 Bc5 4. O-O Nf6 5. d3 d6 6. c3 O-O 7. Re1 Bb6 8. a4 a5
9. h3 Ne7 10. Bb3 Ng6 11. Nbd2 c6 12. d4 Re8 13. dxe5 Nxe5 14. Nxe5 dxe5 15. Qe2
Qe7 16. Nc4 Bc7 17. Bc2 Be6 18. b3 b5 19. axb5 cxb5 20. Ne3 Qc5 21. Bb2 g6 22.
c4 a4 23. Nd5 Bxd5 24. exd5 axb3 25. Bxb3 bxc4 26. Qxc4 Qxc4 27. Bxc4 Rxa1 28.
Rxa1 Ne4 29. Bd3 Nc5 30. Bc2 Rd8 31. Rd1 Bd6 32. Re1 f6 33. g4 Ra8 34. Ra1 Rxa1+
35. Bxa1 Kf7 36. Kg2 Ke7 37. h4 Nd7 38. Kf3 Nb6 39. Ke4 Bc5 40. f3 Nc4 41. Bc3
Ne3 42. Bb4 Bxb4 43. Kxe3 Be1 44. h5 gxh5 45. gxh5 h6 46. Bf5 Kd6 47. Ke4 Bd2
48. Be6 Bc1 49. Kf5 Bg5 50. Kg6 Bc1 51. Kxf6 Bg5+ 52. Kf5 Bc1 53. Ke4 Bg5 54.
Bc8 Bc1 55. Ba6 Bg5 56. Bf1 1/2-1/2

[Event "Reykjavik Open 2016"]
[Site "Reykjavik ISL"]
[Date "2016.03.12"]
[Round "6.23"]
[White "Sigfusson, Sigurdur"]
[Black "Sarkar, Justin"]
[Result "0-1"]
[WhiteTitle "FM"]
[BlackTitle "IM"]
[WhiteElo "2299"]
[BlackElo "2426"]
[WhiteFideId "2300168"]
[BlackFideId "2010011"]
[EventDate "2016.03.08"]

1. e4 e5 2. Nf3 Nc6 3. Bb5 a6 4. Ba4 d6 5. O-O Bd7 6. c3 Nge7 7. Bb3 Ng6 8. d4
Be7 9. Be3 O-O 10. Nbd2 Kh8 11. Bc2 exd4 12. Nxd4 Nxd4 13. cxd4 f5 14. f4 Bb5
15. Rf2 fxe4 16. Bxe4 Nh4 17. g4 d5 18. Bc2 c5 19. a4 Bc6 20. Nf1 c4 21. Ng3 b5
22. Qf1 b4 23. Qh3 Bd7 24. Raf1 b3 25. Bb1 a5 26. Kh1 Ra6 27. f5 Re8 28. Nh5 Bg5
29. Bxg5 Qxg5 30. Nf4 Rh6 31. Ne6 Bxe6 32. fxe6 Rf6 33. Rxf6 gxf6 34. Bf5 Rg8
35. e7 Re8 36. Re1 Nxf5 37. gxf5 Qf4 38. Re3 Qf2 39. Re6 Rg8 40. Qg3 Qf1+ 0-1

[Event "Reykjavik Open 2016"]
[Site "Reykjavik ISL"]
[Date "2016.03.12"]
[Round "6.24"]
[White "Kazarian, Anna-Maja"]
[Black "Lehner, Oliver"]
[Result "1/2-1/2"]
[WhiteTitle "FM"]
[BlackTitle "IM"]
[WhiteElo "2248"]
[BlackElo "2418"]
[WhiteFideId "1033689"]
[BlackFideId "1602560"]
[EventDate "2016.03.08"]

1. e4 e5 2. Nf3 Nc6 3. Bb5 a6 4. Ba4 Nf6 5. O-O Be7 6. Re1 b5 7. Bb3 d6 8. c3
O-O 9. h3 Na5 10. Bc2 c5 11. d4 Nd7 12. Nbd2 exd4 13. cxd4 Nc6 14. d5 Nce5 15.
Nxe5 Nxe5 16. f4 Ng6 17. Nf3 Bh4 18. Nxh4 Qxh4 19. f5 Ne5 20. Rf1 Bd7 21. Kh2
Rfe8 22. Rf4 Qf6 23. Qh5 h6 24. Bd2 b4 25. Re1 Bb5 26. h4 Bd3 27. Ba4 Bb5 28.
Bc2 Bd3 29. Ba4 Bb5 30. Bc2 Bd3 1/2-1/2

[Event "Reykjavik Open 2016"]
[Site "Reykjavik ISL"]
[Date "2016.03.12"]
[Round "6.25"]
[White "Koop, Thorben"]
[Black "Finsterwalder, Sebastian"]
[Result "1-0"]
[WhiteTitle "IM"]
[WhiteElo "2416"]
[BlackElo "2095"]
[WhiteFideId "24661619"]
[BlackFideId "24632090"]
[EventDate "2016.03.08"]

1. Nf3 d5 2. g3 c6 3. Bg2 Bg4 4. h3 Bh5 5. c4 e6 6. O-O Nf6 7. d3 Bd6 8. Qb3 Qe7
9. d4 dxc4 10. Qxc4 Nbd7 11. Qb3 Nb6 12. Nbd2 Nfd7 13. Ne4 Bb8 14. Bg5 f6 15.
Bd2 a5 16. Nc5 Nxc5 17. Qxb6 Ne4 18. Bxa5 Ra6 19. Qb4 Bd6 20. Qe1 O-O 21. Bd2 c5
22. Be3 c4 23. Nd2 Nxd2 24. Qxd2 Bb4 25. Qc2 b5 26. a4 Bg6 27. Qc1 Qd7 28. axb5
Qxb5 29. Rxa6 Qxa6 30. Bd2 Rb8 31. Rd1 Bd6 32. Bc3 Be8 33. Qd2 Qb6 34. e4 Bb4
35. d5 e5 36. Rc1 Bd6 37. Ra1 h6 38. Bf3 Bd7 39. Kg2 Qc7 40. Qe2 Be8 41. Bg4 Kh7
42. h4 Bb5 43. h5 Qb7 44. Qe3 1-0

[Event "Reykjavik Open 2016"]
[Site "Reykjavik ISL"]
[Date "2016.03.12"]
[Round "6.26"]
[White "Valdimarsson, Einar"]
[Black "Holm, Kristian Stuvik"]
[Result "1/2-1/2"]
[BlackTitle "IM"]
[WhiteElo "2029"]
[BlackElo "2414"]
[WhiteFideId "2304813"]
[BlackFideId "1508083"]
[EventDate "2016.03.08"]

1. e4 c5 2. d4 cxd4 3. c3 d3 4. c4 Nc6 5. Bxd3 g6 6. Nc3 Bg7 7. Be3 Nf6 8. h3
O-O 9. Nf3 d6 10. O-O Nd7 11. Rc1 Nde5 12. Nxe5 dxe5 13. Bb1 Nd4 14. b4 b6 15.
Bg5 h6 16. Be3 Kh7 17. Qd2 Bxh3 18. f4 exf4 19. Rxf4 e5 20. Rf2 Be6 21. Nd5 Bxd5
22. cxd5 Nb5 23. g4 g5 24. Rc6 Rc8 25. a4 Nd6 26. b5 Qd7 27. Qd1 a6 28. Bd3 axb5
29. axb5 Ra8 30. Bxb6 Rfc8 31. Bc5 Nb7 32. Bb4 h5 33. gxh5 Nd8 34. h6 Nxc6 35.
bxc6 Qh3 36. hxg7 Qg3+ 37. Kf1 Qh3+ 38. Kg1 Qg3+ 39. Kf1 Qh3+ 40. Kg1 1/2-1/2

[Event "Reykjavik Open 2016"]
[Site "Reykjavik ISL"]
[Date "2016.03.12"]
[Round "6.27"]
[White "Stefansson, Hannes"]
[Black "Giannatos, Peter"]
[Result "1-0"]
[WhiteTitle "GM"]
[WhiteElo "2600"]
[BlackElo "2155"]
[WhiteFideId "2300087"]
[BlackFideId "2041650"]
[EventDate "2016.03.08"]

1. d4 d5 2. c4 e6 3. Nf3 Nf6 4. g3 Be7 5. Bg2 O-O 6. O-O dxc4 7. Qc2 b6 8. Bg5
Nbd7 9. Ne5 Nxe5 10. Bxf6 gxf6 11. dxe5 Rb8 12. Rd1 Qe8 13. Qxc4 Bb7 14. Bxb7
Rxb7 15. Qg4+ Kh8 16. Qf3 Rb8 17. exf6 1-0

[Event "Reykjavik Open 2016"]
[Site "Reykjavik ISL"]
[Date "2016.03.12"]
[Round "6.28"]
[White "Tari, Aryan"]
[Black "Riccardi, Thomas"]
[Result "1-0"]
[WhiteTitle "IM"]
[WhiteElo "2553"]
[BlackElo "2135"]
[WhiteFideId "1510045"]
[BlackFideId "2025973"]
[EventDate "2016.03.08"]

1. c4 c5 2. Nf3 Nc6 3. d4 cxd4 4. Nxd4 Nf6 5. Nc3 d5 6. Qa4 Qb6 7. Ndb5 Be6 8.
Be3 Qd8 9. cxd5 Nxd5 10. Rd1 a6 11. Nxd5 axb5 12. Qxa8 1-0

[Event "Reykjavik Open 2016"]
[Site "Reykjavik ISL"]
[Date "2016.03.12"]
[Round "6.29"]
[White "Adocchio, Giampiero"]
[Black "Hauge, Lars Oskar"]
[Result "0-1"]
[BlackTitle "FM"]
[WhiteElo "2174"]
[BlackElo "2393"]
[WhiteFideId "4666011"]
[BlackFideId "1509276"]
[EventDate "2016.03.08"]

1. e4 e6 2. d4 d5 3. Nc3 Nf6 4. e5 Nfd7 5. f4 c5 6. Nf3 Nc6 7. Be3 h6 8. Qd2 g5
9. fxg5 cxd4 10. Nxd4 Ndxe5 11. O-O-O hxg5 12. Bb5 a6 13. Ba4 Bd7 14. Bxg5 Qxg5
15. Qxg5 Bh6 16. Qxh6 Rxh6 17. Rhe1 O-O-O 18. Nxc6 Nxc6 19. h3 Rg8 20. Rg1 f6
21. Bxc6 Bxc6 22. Ne2 e5 23. Rdf1 Bb5 24. Kd2 Kd7 25. b3 Ke6 26. a4 Bxe2 27.
Kxe2 Rg3 28. Rf3 Rhxh3 29. gxh3 Rxg1 30. Rc3 Rg7 0-1

[Event "Reykjavik Open 2016"]
[Site "Reykjavik ISL"]
[Date "2016.03.12"]
[Round "6.30"]
[White "Houska, Jovanka"]
[Black "Lobersli, Henrik Oie"]
[Result "1/2-1/2"]
[WhiteTitle "IM"]
[WhiteElo "2387"]
[BlackElo "2134"]
[WhiteFideId "405094"]
[BlackFideId "1511947"]
[EventDate "2016.03.08"]

1. d4 Nf6 2. Nf3 g6 3. c4 Bg7 4. g3 O-O 5. Bg2 d6 6. O-O Nc6 7. Nc3 a6 8. h3 Rb8
9. Be3 Na5 10. Nd2 b5 11. cxb5 axb5 12. b4 Nc4 13. Nxc4 bxc4 14. b5 Bb7 15. d5
e6 16. Rb1 Qd7 17. a4 exd5 18. a5 Ne4 19. Nxd5 Bxd5 20. Qxd5 Nc3 21. Qxc4 d5 22.
Qd3 Nxb1 23. Rxb1 Rfd8 24. a6 h6 25. b6 cxb6 26. Bxb6 Rdc8 27. Bxd5 Kh7 28. Kh2
Be5 29. Qf3 Rc3 30. Qxf7+ Qxf7 31. Bxf7 Ra3 32. Bc4 Bd4 33. Bxd4 Rxb1 34. Bd3
Rb8 35. a7 Rd8 36. Bc5 Ra4 37. Bb5 Ra2 38. Bc6 Rc8 39. Bd5 Rxc5 40. Bxa2 Ra5 41.
Bd5 Rxa7 42. Kg2 Kg7 43. h4 Kf6 44. g4 Ke5 45. Bf3 g5 46. Kg3 Rf7 47. hxg5 hxg5
48. e3 Rc7 49. Ba8 1/2-1/2

[Event "Reykjavik Open 2016"]
[Site "Reykjavik ISL"]
[Date "2016.03.12"]
[Round "6.31"]
[White "Bopp, Thomas"]
[Black "Mihajlov, Sebastian"]
[Result "1-0"]
[BlackTitle "FM"]
[WhiteElo "2166"]
[BlackElo "2387"]
[WhiteFideId "4656113"]
[BlackFideId "1512110"]
[EventDate "2016.03.08"]

1. Nf3 Nf6 2. c4 g6 3. Nc3 Bg7 4. e4 d6 5. d4 O-O 6. Be2 e5 7. dxe5 dxe5 8. Qxd8
Rxd8 9. Nd5 Nxd5 10. cxd5 c6 11. Bc4 b5 12. Bb3 Bb7 13. Bg5 Rd7 14. O-O-O cxd5
15. exd5 Na6 16. a3 Nc5 17. Ba2 e4 18. Ne1 Na4 19. Rd2 Nb6 20. Nc2 Bxd5 21. Rhd1
Bxa2 22. Rxd7 Nxd7 23. Rxd7 Rc8 24. Kd2 Bxb2 25. Rxa7 Bb1 26. Ne3 Kg7 27. Be7
Bd3 28. g4 Bc3+ 29. Kd1 Be5 30. g5 Bd4 31. Rd7 Bc5 32. Bf6+ Kf8 33. Bb2 Be7 34.
h4 Rd8 35. Rxe7 Kxe7 36. Bf6+ Kd7 37. Bxd8 Kxd8 38. Kd2 Ke7 39. Kc3 Ke6 40. Kd4
Bb1 41. Nd1 Kf5 42. Nc3 Bc2 43. Nxb5 Kg4 44. Ke3 Kxh4 45. Kf4 Kh5 46. Nd6 h6 47.
Nxf7 hxg5+ 48. Nxg5 Kh4 49. Nxe4 Kh3 50. Nc3 Kg2 51. Ke3 g5 52. a4 Bb3 53. a5
Bc4 54. Ne4 g4 55. Kf4 Bd3 56. Kxg4 Bxe4 57. f4 Kf2 58. f5 Ke3 59. f6 Bd5 60.
Kf5 Kd4 61. a6 Kc5 62. a7 Kd6 63. Kg6 Kc7 64. a8=Q Bxa8 65. f7 1-0

[Event "Reykjavik Open 2016"]
[Site "Reykjavik ISL"]
[Date "2016.03.12"]
[Round "6.32"]
[White "Braun, Christian2"]
[Black "Edel, Thomas"]
[Result "1-0"]
[WhiteTitle "IM"]
[WhiteElo "2386"]
[BlackElo "2127"]
[WhiteFideId "4692098"]
[BlackFideId "24653233"]
[EventDate "2016.03.08"]

1. e4 c6 2. d3 d5 3. Nd2 e5 4. Ngf3 Bd6 5. d4 exd4 6. exd5 cxd5 7. Bb5+ Bd7 8.
Bxd7+ Qxd7 9. Nb3 Ne7 10. Nbxd4 Nbc6 11. O-O O-O 12. c3 h6 13. Qd3 Rac8 14. Be3
Bb8 15. Rad1 Rfd8 16. Rfe1 Ng6 17. Qf5 Qxf5 18. Nxf5 Rd7 19. N3d4 Nce5 20. Nc2
Nc4 21. Bc1 Kh7 22. Nce3 Nxe3 23. Bxe3 Ne5 24. Bxa7 Bxa7 25. Rxe5 d4 26. Kf1
dxc3 27. Rxd7 c2 28. Re1 c1=Q 29. Rxc1 Rxc1+ 30. Ke2 Rc2+ 31. Rd2 Rxd2+ 32. Kxd2
Bxf2 33. Nd6 Bd4 34. b4 b6 35. Nxf7 Kg6 36. Nd8 Kf5 37. Kd3 Bg1 38. h3 h5 39. a4
h4 40. Nc6 Bf2 41. a5 bxa5 42. bxa5 Kf4 43. Kc4 Ke4 44. a6 Bg1 45. Ne7 g5 46.
Nc8 Kf4 47. Kb5 Kg3 48. Nb6 1-0

[Event "Reykjavik Open 2016"]
[Site "Reykjavik ISL"]
[Date "2016.03.12"]
[Round "6.33"]
[White "Kvamme, John A"]
[Black "Brunello, Marina"]
[Result "1/2-1/2"]
[BlackTitle "FM"]
[WhiteElo "2155"]
[BlackElo "2363"]
[WhiteFideId "1500562"]
[BlackFideId "822590"]
[EventDate "2016.03.08"]

1. d4 d5 2. Bf4 Nf6 3. e3 Bf5 4. Nf3 e6 5. c4 c6 6. Nc3 Nbd7 7. h3 Be7 8. Qb3
Qc8 9. Rc1 dxc4 10. Bxc4 Nb6 11. Be2 h6 12. Nb5 O-O 13. Nc7 Rb8 14. Nb5 Ra8 15.
Nc7 Rb8 16. Nb5 Ra8 17. Nc7 1/2-1/2

[Event "Reykjavik Open 2016"]
[Site "Reykjavik ISL"]
[Date "2016.03.12"]
[Round "6.34"]
[White "Hedman, Erik"]
[Black "Thorhallsson, Simon"]
[Result "1-0"]
[WhiteTitle "FM"]
[WhiteElo "2349"]
[BlackElo "2092"]
[WhiteFideId "1702351"]
[BlackFideId "2310090"]
[EventDate "2016.03.08"]

1. d4 d5 2. c4 c6 3. Nf3 Nf6 4. Nc3 e6 5. e3 Nbd7 6. Bd3 dxc4 7. Bxc4 b5 8. Be2
Bb7 9. O-O b4 10. Na4 c5 11. dxc5 Bxc5 12. Nxc5 Nxc5 13. Bd2 a5 14. a3 Qb6 15.
axb4 axb4 16. Rxa8+ Bxa8 17. Ne5 O-O 18. f3 Nd5 19. Nc4 Qa7 20. Be1 Rd8 21. Bf2
Qe7 22. Qc1 Qc7 23. Rd1 Nb3 24. Qc2 Na5 25. e4 Nf4 26. Bb6 Rxd1+ 27. Qxd1 Nxe2+
28. Kf2 Qb8 29. Bxa5 Nf4 30. g3 Ng6 31. Qd8+ Qxd8 32. Bxd8 f5 33. exf5 exf5 34.
f4 Bd5 35. Nb6 Be6 36. Na4 Kf8 37. Nc5 Bf7 38. Ke3 Ne7 39. Bxe7+ Kxe7 40. Kd4
Kd6 41. Nd3 b3 42. Ne5 Be6 43. Nc4+ Kc6 44. Nd2 Kd6 45. Kc3 Kd5 46. Nxb3 Bc8 47.
Kd3 Ba6+ 48. Ke3 Bc8 49. Nd2 Ba6 50. Nf3 Bc8 51. Ne5 Ba6 52. Nd7 Bb5 53. Nf8 h6
54. Ng6 Be8 55. Nh4 Bd7 56. Nf3 Kc4 57. Ne5+ 1-0

[Event "Reykjavik Open 2016"]
[Site "Reykjavik ISL"]
[Date "2016.03.12"]
[Round "6.35"]
[White "Baldursson, Hrannar"]
[Black "Jackson, James P"]
[Result "0-1"]
[WhiteTitle "AGM"]
[BlackTitle "FM"]
[WhiteElo "2124"]
[BlackElo "2347"]
[WhiteFideId "2301156"]
[BlackFideId "416860"]
[EventDate "2016.03.08"]

1. c4 Nf6 2. Nc3 c5 3. g3 e6 4. Bg2 d5 5. cxd5 exd5 6. d3 d4 7. Ne4 Nxe4 8. Bxe4
Be7 9. Qb3 Nc6 10. Nf3 O-O 11. O-O Nb4 12. a3 Be6 13. Qa4 Nd5 14. Ne1 a6 15. Ng2
b5 16. Qd1 Rc8 17. e3 dxe3 18. Nxe3 Nf6 19. Bb7 Rb8 20. Bg2 Qd7 21. Qc2 Bh3 22.
Re1 Bxg2 23. Nxg2 Rbc8 24. Bg5 h6 25. Bxf6 Bxf6 26. Re4 Rfd8 27. Rae1 g6 28. b3
Kg7 29. Nf4 h5 30. h4 Qf5 31. Kg2 Rd6 32. R1e3 Qd7 33. Qe2 Rd8 34. Kh2 Kg8 35.
Qf3 Qc6 36. Qe2 Bg7 37. Re8+ Rxe8 38. Rxe8+ Kh7 39. Nxh5 gxh5 40. Qxh5+ Rh6 41.
Qxf7 Rf6 42. Qg8+ Kh6 43. f4 Qf3 44. Re6 Qxd3 45. Rxf6+ Bxf6 46. Qf8+ Bg7 47.
Qxc5 Qxb3 48. Qc6+ Kh7 49. Qxa6 Qd5 50. Qa7 Qa2+ 51. Kh3 b4 52. Qc5 bxa3 53.
Qh5+ Bh6 54. Qf5+ Kg7 55. Qe5+ Kf7 56. Qc7+ Kg8 57. Qd8+ Bf8 58. Qg5+ Kf7 59.
Qf5+ Kg8 60. Qg6+ Bg7 61. Qe8+ Kh7 62. Qh5+ Bh6 63. Qf5+ Kg7 64. Qe5+ Kf7 65.
Qc7+ Kg8 66. Qd8+ Bf8 67. Qg5+ Bg7 68. Qd8+ Kh7 69. Qd3+ Kh8 70. Qf3 Bb2 71.
Qh5+ Kg7 72. Qg5+ Kf7 73. Qh5+ Ke7 74. Qc5+ Kd7 75. Qb5+ Kd6 76. Qb8+ Kc5 77.
Qc7+ Kd4 78. f5 Qd5 79. Qf4+ Kd3 80. Qf1+ Kc2 81. Qe2+ Kb3 82. Qe3+ Bc3 83. Qb6+
Kc2 84. Qf2+ Bd2 85. f6 a2 86. f7 Qh1+ 87. Kg4 Qe4+ 88. Kh3 a1=Q 89. Qc5+ Bc3
90. Qf2+ Kb3 91. f8=Q Qah1+ 92. Qh2 Qe6+ 0-1

[Event "Reykjavik Open 2016"]
[Site "Reykjavik ISL"]
[Date "2016.03.12"]
[Round "6.36"]
[White "Lindsoe, Fredrik Aunan"]
[Black "Skousen, Nikolai"]
[Result "1-0"]
[BlackTitle "FM"]
[WhiteElo "2112"]
[BlackElo "2294"]
[WhiteFideId "1506560"]
[BlackFideId "1401432"]
[EventDate "2016.03.08"]

1. e4 d6 2. Nc3 Nf6 3. d4 c6 4. g3 Nbd7 5. Bg2 e5 6. Nge2 Be7 7. O-O O-O 8. h3
Re8 9. Be3 Bf8 10. f4 b6 11. g4 Ba6 12. g5 Nh5 13. Rf2 Rc8 14. f5 g6 15. d5 f6
16. dxc6 Rxc6 17. Qd5+ 1-0